000 00440nam a2200181Ia 4500
001 3691
005 20260306145702.0
008 260306t2013||||xx |||||||||||||| ||spa||
041 _aESP
082 _a302
_bH465
100 _aHombrados Mendieta, María Isabel
_eAUT
245 0 _aManual de psicología comunitaria
260 _c2013
300 _a249 páginas :
_c23 cm.
650 _aGEN
654 _aCPS
942 _cLIB
_dJUS
_fJUS
_2ddc
_n
999 _c3691
_d3691